Report on Education Statistics 1988

Na minha lista:
Detalhes bibliográficos
Formato: Livro
Idioma:inglês
Publicado em: Bangkok Nacional Statistical Office 1988
Edição:1. ed.
Tags: Adicionar Tag
Sem tags, seja o primeiro a adicionar uma tag!

MARC

LEADER 00000nam a2200000 4500
001 c023113
005 20221219120522.8
041 0 |a eng 
044 |a TH 
245 1 0 |a Report on Education Statistics 1988 
250 |a 1. ed. 
264 1 |a Bangkok  |b Nacional Statistical Office  |c 1988 
300 |a 83 s.